| 000 | 00399nam a2200157Ia 4500 | ||
|---|---|---|---|
| 005 | 20241106022553.0 | ||
| 008 | 240331s9999 xx 000 0 und d | ||
| 020 | _a9558285005 | ||
| 082 |
_bTHW _a820 |
||
| 100 | _aThwaites, J | ||
| 245 | 0 |
_aIt's a sunny day on the moon : _b and other stories |
|
| 260 |
_aColombo _bNikang Press _c1999 |
||
| 300 | _a237 p ., | ||
| 500 | _aShort Stories | ||
| 942 | _cL | ||
| 999 |
_c4432 _d4432 |
||